| 000 | 00567nam a22001937a 4500 | ||
|---|---|---|---|
| 003 | OSt | ||
| 005 | 20151203123746.0 | ||
| 008 | 151203b xxu||||| |||| 00| 0 eng d | ||
| 020 | _a0415084490 | ||
| 040 | _cDDC. | ||
| 082 | _a370.1 SKE1991 | ||
| 100 |
_aSkelton ,Martin;Reeves,Graham;Playfoot,David; _96450 |
||
| 245 | _aDevelopment Planning for primary School. | ||
| 260 |
_aLondon. _bRoutledge, _c1991. |
||
| 300 |
_a192p; _bill; _c23cm |
||
| 504 | _aRemarks and Bibliography are included. | ||
| 650 |
_aDevelopment In Planning school. _96467 |
||
| 942 |
_2ddc _cSLOAN |
||
| 999 |
_c2798 _d2798 |
||